00298 a2200097 4500001000900000005001700009008004100026245003500067100002100102773007700123ART_226620260410161724.0260409a 10a¿Estrategia sin contabilidad?1 aLevy, Alberto R.0 tAdministración de empresasg- Año XVII, Nº 200 (nov. 1986)wREV2036